<?xml version="1.0" encoding="UTF-8"?>
<record
    xmlns:xsi="http://www.w3.org/2001/XMLSchema-instance"
    xsi:schemaLocation="http://www.loc.gov/MARC21/slim http://www.loc.gov/standards/marcxml/schema/MARC21slim.xsd"
    xmlns="http://www.loc.gov/MARC21/slim">

  <leader>00802nam a2200193 a 4500</leader>
  <controlfield tag="005">20160825020003.0</controlfield>
  <controlfield tag="008">160317b2007    ck a   gr|||| 00| 0 spa d</controlfield>
  <datafield tag="040" ind1=" " ind2=" ">
    <subfield code="a">CO-BoIAVH</subfield>
    <subfield code="c">CO-BoIAVH</subfield>
  </datafield>
  <datafield tag="041" ind1="0" ind2=" ">
    <subfield code="a">spa</subfield>
  </datafield>
  <datafield tag="044" ind1=" " ind2=" ">
    <subfield code="a">ck</subfield>
  </datafield>
  <datafield tag="082" ind1="0" ind2="4">
    <subfield code="a">333.72028</subfield>
    <subfield code="b">C82p</subfield>
  </datafield>
  <datafield tag="110" ind1="2" ind2=" ">
    <subfield code="a">Corporaci&#xF3;n Aut&#xF3;noma Regional del Magdalena</subfield>
  </datafield>
  <datafield tag="245" ind1="1" ind2="0">
    <subfield code="a">Pr&#xE1;cticas de producci&#xF3;n conservaci&#xF3;n sostenible y prevenci&#xF3;n de riesgos en el &#xE1;rea rural del corregimiento de Macaraquilla-municipio de Aracataca-departamento del Magdalena</subfield>
  </datafield>
  <datafield tag="260" ind1=" " ind2=" ">
    <subfield code="a">Santa Marta :</subfield>
    <subfield code="b">CORPAMAG :</subfield>
    <subfield code="b">Ecopetrol,</subfield>
    <subfield code="c">2007.</subfield>
  </datafield>
  <datafield tag="300" ind1=" " ind2=" ">
    <subfield code="a">30 p&#xE1;ginas :</subfield>
    <subfield code="b">ilustraciones (algunas a color) ;</subfield>
    <subfield code="c">21 x 16 cent&#xED;metros</subfield>
  </datafield>
  <datafield tag="650" ind1=" " ind2="6">
    <subfield code="a">Pr&#xE1;cticas agr&#xED;colas</subfield>
    <subfield code="x">producci&#xF3;n</subfield>
  </datafield>
  <datafield tag="650" ind1=" " ind2="6">
    <subfield code="a">Pr&#xE1;cticas agr&#xED;colas</subfield>
    <subfield code="x">conservaci&#xF3;n</subfield>
  </datafield>
  <datafield tag="942" ind1=" " ind2=" ">
    <subfield code="c">LIBRO</subfield>
    <subfield code="2">ddc</subfield>
    <subfield code="0">1</subfield>
  </datafield>
  <datafield tag="999" ind1=" " ind2=" ">
    <subfield code="c">6702</subfield>
    <subfield code="d">6702</subfield>
  </datafield>
  <datafield tag="952" ind1=" " ind2=" ">
    <subfield code="0">0</subfield>
    <subfield code="1">0</subfield>
    <subfield code="2">ddc</subfield>
    <subfield code="4">0</subfield>
    <subfield code="7">0</subfield>
    <subfield code="8">GENERAL</subfield>
    <subfield code="I">INV2017</subfield>
    <subfield code="a">Bogota</subfield>
    <subfield code="b">Bogota</subfield>
    <subfield code="d">2008-11-28</subfield>
    <subfield code="l">1</subfield>
    <subfield code="o">LB-333.72028 C82p</subfield>
    <subfield code="p">026662</subfield>
    <subfield code="r">2016-08-24 00:00:00</subfield>
    <subfield code="s">2016-08-24</subfield>
    <subfield code="t">Ej. 1</subfield>
    <subfield code="w">2012-12-04</subfield>
    <subfield code="x">Donaci&#xF3;n</subfield>
    <subfield code="y">Folleto</subfield>
  </datafield>
</record>
